| 000 | 00484nam a2200157Ia 4500 | ||
|---|---|---|---|
| 008 | 181023s9999 xx 000 0 und d | ||
| 020 | _a9781138791565 | ||
| 100 | _aBradshaw, Paul. | ||
| 245 |
_cPaul Bradshaw.-- _aThe online journalism handbook : _bskills to survive and thrive in the digital age / |
||
| 250 | _a2nd ed | ||
| 260 |
_aNew York : _bRoutledge _c2018 |
||
| 300 | _aix, 358 pages. | ||
| 500 | _aIncludes indexes | ||
| 650 | _aJournalism. | ||
| 650 | _aOnline journalism. | ||
| 999 |
_c359320 _d359320 |
||